Modelovanie migrácie pracovnej sily pre potreby strategického rozhodovania podniku dizertačná práca

Salvato in:
Dettagli Bibliografici
Autore principale: Janotka, Martin, 1982-
Ente Autore: Podnikovohospodárska fakulta EU so sídlom v Košiciach. Katedra ekonómie
Altri autori: Gazda, Vladimír
Natura: Libro
Lingua:slovacco
Pubblicazione: Košice 2014
Soggetti:
Tags: Aggiungi Tag
Nessun Tag, puoi essere il primo ad aggiungerne!!

MARC

LEADER 00000nbm a2200000 4500
001 0192221
005 20240827090508.9
041 0 |a slo 
044 |a SK 
245 1 0 |a Modelovanie migrácie pracovnej sily pre potreby strategického rozhodovania podniku  |b dizertačná práca  |c Martin Janotka ; školiteľ: Vladimír Gazda 
264 1 |a Košice  |c 2014 
300 |a 128 s. 
610 2 0 |a sily pracovné 
610 2 0 |a modelovanie 
610 2 0 |a rozhodovanie strategické 
610 2 0 |a podnik 
100 1 |a Janotka, Martin, 1982- 
700 1 |a Gazda, Vladimír 
710 2 |a Podnikovohospodárska fakulta EU so sídlom v Košiciach. Katedra ekonómie